000 00934nas a2200289 4500
001 BR0402348
003 BR-BrBNA
005 20231205104528.0
007 ta
008 230509b bl.|||p| |||| 00| 00por d
040 _aBR-BrBNA
_bpor
_cBiblioteca Nacional de Agricultura
041 _a(Pt)
072 _aF30; F61; F60
100 1 _aFreitas, R.B. de
100 1 _aOliveira, L.E.M. de
100 1 _aDelú Filho, N.
100 1 _aSoares, A.M.
245 1 _aInfluência de diferentes níveis de sombreamento no comportamento fisiológico de cultivares de café (Coffea arabica L.)
650 _aCAFÉ
650 _aCOMPORTAMENTO DE VARIEDADE
650 _aSOMBREAMENTO
650 _aFOTOSSÍNTESE
650 _aTRANSPIRAÇÃO VEGETAL
773 0 _tCiência e Agrotecnologia (Brazil)
_xISSN 1413-7054
_g(Jul-Aug 2003), v. 27(4) p. 804-810
_wBR0402348
909 _a202311
_bLúcia
_c55
_dLúcia Elande
942 _2AGRIS
_n0
_cANA
999 _c178553
_d178553